000 00752nam a2200229 a 4500
001 000025324
005 20200930023717.0
008 110214s1972 pe r 000 0 spa d
040 _aDO-SdBNP
_bspa
_cBNPHU
082 _a305.42
_bM953r
245 0 3 _aLa mujer y la revolución :
_bdiscursos, entrevistas, artículos, ensayos /
_cPrólogo Carmela Puga.
260 _aLima, Perú :
_bCausachun,
_c1972.
300 _a119 p. ;
_c17 cm.
490 1 _aTestimonio
500 _aIncluye notas al pie de las páginas.
650 4 _aMujeres
_xCuestiones sociales y morales
_911704
650 4 _aParticipación de la mujer
_947297
650 4 _aRevolución
_951865
700 1 _aPuga, Carmela,
_epról.
_951866
830 0 _aTestimonio
_916115
049 _aBNGR
999 _c24816
_d24816